Marvel Characters Ending in 'Woman' - Statistics

General Stats
  • This quiz has been taken 26 times
  • The average score is 5 of 15
Answer Stats
# Answer % Correct
2 Spider-Woman
82%
6 Spider-Woman (Charlotte Witter)
82%
3 Spider-Woman (Julia Carpenter)
82%
5 Spider-Woman (Mattie Franklin)
82%
1 Invisible Woman
73%
4 Power Woman (Jessica Jones)
32%
7 Giant-Woman
18%
14 Iron Woman
18%
9 Purple Woman
14%
11 Sandwoman
14%
10 Impossible Woman
9%
12 Mole Woman
9%
15 Rabbit-Woman
9%
13 Swordswoman
9%
8 Warrior Woman
5%
No matching quizzes found
Score Distribution
Percent of People with Each Score
Percentile by Number Answered
Your Score History
You have not taken this quiz